000 00309nam a2200121Ia 4500
008 220216s9999 xx 000 0 und d
100 _aGeorge C M
245 0 _aMinimum price notification: Its too little, too late|
260 _bRubber Asia
_c2001
300 _a29-31
650 _aRubber price
942 _cJS
999 _c62983
_d62983